000 01288nam a2200265Ia 4500
003 OSt
005 20200821101054.0
008 191128s2003 ck ad gr 000 0 spa d
040 _aCo-JMCR
_cCo-JMCR
041 0 _aspa
082 0 4 _a368.4004 /
_bJ371l
_223
100 1 _aJaramillo Pérez, Iván,
_eautora
_98952
245 1 3 _aLa Ley 100 de 1993 :
_bdiez años despues /
_cIván Jaramillo Pérez, César Augusto López Botero, Juan Fernando Romero Tobón, [y otros 6]
260 _aBogotá :
_bFasecolda,
_c2003.
300 _a425 páginas :
_b gráficos a blanco y negro ;
_c23 cm.
500 _aIncluye titúlo : Ánalisis legislativo, normativo y estadístico de los 10 años de la ley 100.
504 _aBibliografía : páginas 423-425.
505 0 _aResumén normativo de la seguridad social en salud -- El plan de beneficios -- La administración y financiación del régimen contributivo -- La organización del régimen contributivo -- La dirección y el control del SGSSS -- Los resultados estadisticos
650 2 4 _aRégimen contributivo
_98998
650 2 4 _aSeguridad social
_96217
650 2 4 _aNormas seguridad social
_99051
700 1 _aLópez Botero, César Augusto,
_eautor
_99052
700 1 _aRomero Tobón, Juan Fernando,
_eautor
_99053
942 _2ddc
_cBK
999 _c6043
_d6043